00261nam a2200097Ia 4500008004100000100001800041245002500059260002700084300000900111650004300120190216s9999||||xx |||||||||||||| ||und|| aFaithe Wempen 0aMicrosoft Excel 2000 bBpb Publicationsc1999 a339p a"Computer Programming. Programs, Data"